|
|
|
|
| LEADER |
00000nam0a2200000 4500 |
| 001 |
199117 |
| 005 |
20231031184142.0 |
| 035 |
|
|
|a (RuTPU)RU\TPU\book\217144
|
| 090 |
|
|
|a 199117
|
| 100 |
|
|
|a 20110726d1987 k y0rusy50 ca
|
| 101 |
0 |
|
|a rus
|
| 102 |
|
|
|a RU
|
| 105 |
|
|
|a a dm 001zy
|
| 200 |
1 |
|
|a Экспериментальное исследование генерации ленточных мощных ионных пучков в магнитно-изолированных диодах
|e автореферат диссертации на соискание ученой степени кандидата физико-математических наук
|e спец. 05.27.02
|f В. М. Матвиенко
|g Институт сильноточной электроники СО АН СССР ; Томский политехнический институт (ТПИ) ; А. Н. Диденко
|
| 210 |
|
|
|a Томск
|d 1987
|
| 215 |
|
|
|a 18 с.
|c ил.
|
| 300 |
|
|
|a Защита сост. 15.10.1987 г.
|
| 320 |
|
|
|a Библиогр.: с. 13-15 (18 назв.).
|
| 610 |
1 |
|
|a ленточные мощные ионные пучки
|
| 610 |
1 |
|
|a генерация
|
| 610 |
1 |
|
|a магнитно-изолированные диоды
|
| 610 |
1 |
|
|a регистрирующая аппаратура
|
| 610 |
1 |
|
|a диагностическая аппаратура
|
| 610 |
1 |
|
|a экспериментальные исследования
|
| 610 |
1 |
|
|a магнитная изоляция
|
| 610 |
1 |
|
|a самоизоляция
|
| 610 |
1 |
|
|a ионные диоды
|
| 610 |
1 |
|
|a авторефераты диссертаций
|
| 610 |
1 |
|
|a труды учёных ТПУ
|
| 675 |
|
|
|a 537.534(04)
|v 3
|
| 686 |
|
|
|a 05.27.02
|2 oksvnk
|
| 700 |
|
1 |
|a Матвиенко
|b В. М.
|c физик
|c старший научный сотрудник Томского политехнического университета
|g Василий Михайлович
|2 stltpush
|3 (RuTPU)RU\TPU\pers\28980
|
| 702 |
|
1 |
|a Диденко
|b А. Н.
|c российский ученый, физик
|c профессор, зав. кафедрой физико-энергетических установок Томского политехнического университета
|f 1932-
|g Андрей Николаевич
|2 stltpush
|3 (RuTPU)RU\TPU\pers\19779
|
| 712 |
0 |
2 |
|a Академия наук СССР (АН СССР)
|b Сибирское отделение (СО)
|b Институт сильноточной электроники (ИСЭ)
|c (Томск)
|2 stltpush
|3 (RuTPU)RU\TPU\col\11436
|
| 712 |
0 |
2 |
|a Томский политехнический институт (ТПИ)
|c (1944-1991)
|2 stltpush
|3 (RuTPU)RU\TPU\col\1123
|
| 801 |
|
1 |
|a RU
|b 63413507
|c 20110726
|
| 801 |
|
2 |
|a RU
|b 63413507
|c 20111202
|g RCR
|
| 942 |
|
|
|c BK
|